Bases propuestas a la Excma. Diputación Provincial para la creación de una Escuela Superior de Artes decorativas ó Industrias artísticas aneja al período preparatorio de la enseñanza de Arquitectura / Escuela Superior de Arquitectura de Barcelona
MARC
| LEADER | 00000nam a2200000Ia 4500 | ||
|---|---|---|---|
| 001 | 20691 | ||
| 003 | BGR | ||
| 005 | 20260410113652.0 | ||
| 008 | 160829s1896 xx 000 0 cat d | ||
| 080 | |a RF-8-11 | ||
| 110 | 1 | |a Escola Superior d’Arquitectura de Barcelona |9 70802 | |
| 245 | |a Bases propuestas a la Excma. Diputación Provincial para la creación de una Escuela Superior de Artes decorativas ó Industrias artísticas aneja al período preparatorio de la enseñanza de Arquitectura / Escuela Superior de Arquitectura de Barcelona | ||
| 260 | |a Barcelona : |b Imprenta La Renaixensa, |c 1896 | ||
| 300 | |a 11 p. ; |c 28 cm | ||
| 590 | |a Prové de 1941, exp. 2 | ||
| 650 | |a Escola Superior d'Arquitectura de Barcelona |9 46812 | ||
| 856 | 4 | |u https://media.diba.cat/diba/fitxers/arxiu/fulletons/bib_20691_1896_baixa.pdf |y Accés lliure | |
| 856 | 4 | |u https://media.diba.cat/diba/fitxers/arxiu/fulletons/bib_20691_1896_baixa.pdf |y Accés lliure | |
| 900 | |a bib_20691_1896_baixa.pdf | ||
| 901 | |a Arxiu | ||
| 942 | |n 1 |2 udc |c MON | ||
| 952 | |0 0 |1 0 |4 0 |6 RF811 |7 1 |9 53467 |a Arxiu |b Arxiu |d 2016-12-01 |l 0 |o RF-8-11 |p 20691 |r 2016-12-01 00:00:00 |w 2016-12-01 |y ARXIU | ||
| 999 | |c 57333 |d 57333 | ||